Trouvera tu tout les pokémon caché Sudden Death/Mort Subite - Statistiques

Statistiques générales
  • Ce quiz a été pris 66 fois
  • Le résultat moyen est 17 sur 21
Answers on the Grid
Answers color-coded by a green-red scale on the quiz's grid according to % correct below.
Herbizarre
Patamon
Shogunyan
Chrysacier
Cabotin
Dardargnan
Pikachu
Ortide
Kôshirô Izumi
Paras
Komashura
Agumon
Aéromite
Psykokwak
Palmon
Flagadoss
Camaïeul
Doduo
Soporifik
Wormmon
Sulfura
Typhlosion
Dracounet
Noarfang
Dynamo
Togetic
Azumarill
V-mon
Chichos
Héliatronc
Feuforêve
Agraisseur
Zarbi
Steelix
Barbuzz
Qwilfish
 
Statistiques - réponses
Réponse % Correct
Doduo
91%
Soporifik
91%
Feuforêve
89%
Herbizarre
89%
Pikachu
89%
Psykokwak
86%
Steelix
84%
Typhlosion
84%
Aéromite
82%
Chrysacier
82%
Dardargnan
82%
Ortide
82%
Zarbi
82%
Azumarill
80%
Flagadoss
80%
Sulfura
80%
Togetic
80%
Héliatronc
77%
Noarfang
77%
Paras
77%
Qwilfish
77%
Aucun quiz correspondant
Distribution des résultats
% des personnes avec chaque résultat
Percentile par nombre de réponses
Votre historique - résultats
Vous n’avez pas pris ce quiz